| 000 | 00652nam a22002535a 4500 | ||
|---|---|---|---|
| 001 | 17466615 | ||
| 003 | PILC | ||
| 005 | 20151014155219.0 | ||
| 008 | 120918s2012 cau 000 0 eng | ||
| 010 | _a 2012949688 | ||
| 020 | _a9780982620366 | ||
| 040 |
_aDLC _cDLC |
||
| 042 | _apcc | ||
| 050 |
_aPZ 7 _b.Z41 2012 |
||
| 100 | 1 | _aZebroski, Gisela. | |
| 245 | 1 | 0 |
_aMephisto waltz / _cGisela Zebroski. |
| 250 | _a2nd edition. | ||
| 260 |
_aMenlo Park, CA : _bInkling, _c2012. |
||
| 263 | _a1209 | ||
| 300 |
_a475 pages ; _c23 cm. |
||
| 906 |
_a0 _bibc _corignew _d2 _eepcn _f20 _gy-gencatlg |
||
| 942 |
_2lcc _cBK _kFOR |
||
| 999 |
_c288860 _d288860 |
||